000 00672nam a2200217 i 4500
001 191565
003 ES-MaACL
005 20240212150850.0
007 ta
008 220928q1995 sp 000 0 spadd
080 _a681.3.06
245 0 0 _aCurso básico Absys 7 express.
260 _a[s.l.] :
_b[s. n.],
_c[1995]
300 _a143 p. ; +
_e1 Cd-ROM ;
_c30 cm.
650 4 _aABSYS (Programa de ordenador)
_9175320
852 _aES-MaACL
_jA-15138
_9198849
_cDEPO1
_dOlim: 681.3.06 cur
852 _aES-MaACL
_jA-15139
_9198847
_cDEPO1
_dOlim: 681.3.06 cur
852 _aES-MaACL
_jA-15140
_9198848
_cDEPO1
_dOlim: 681.3.06 cur
942 _2udc
999 _c191565
_d191565